Africa Geography by Letter - J - Statistics

General Stats
  • This quiz has been taken 205 times
  • The average score is 4 of 20
Answer Stats
Hint Answer % Correct
Largest city in South Africa Johannesburg
99%
Capital and largest city of South Sudan Juba
95%
A tropical environment covered with dense forest and tangled vegetation jungle
59%
Canine found throughout Sub-Saharan Africa Jackal
51%
Capital of Saint Helena Jamestown
31%
Large city in northern Nigeria Jos
19%
Word for mountain in Arabic jabal
16%
Main square of Marrakesh, Morocco Jemaa el-fnaa
11%
City in the Oromia region of Ethiopia Jimma
5%
City in eastern Uganda Jinja
5%
Southernmost state of Somalia Jubaland
5%
A language spoken by Jewish Berber communities in Morocco Judeo-Berber
5%
City in northeast Nigeria Jimeta
3%
City in the above state Jamame
2%
Capital of the Somali Region of Ethiopia Jijiga
2%
State in eastern-central South Sudan Jonglei
2%
National park on Zanzibar which is home to the Zanzibar red colobus monkey Jozani Chwaka Bay National Park
2%
The richest diamond mine in the world; located in Botswana Jwaneng
2%
Large Somali clan which inhabits the Somali Region of Ethiopia, southern Somalia, and northeast Kenya Jidwaq
1%
Plateau in the southwest corner of Egypt Jilf al Kabir
1%
No matching quizzes found
Score Distribution
Percent of People with Each Score
Percentile by Number Answered
Your Score History
You have not taken this quiz